Crassulacean Acid Metabolism: Analysis of an Ecological Adaptation. (Record no. 365139)

MARC details
000 -LEADER
fixed length control field 004280000a22001570004500
005 - DATE AND TIME OF LATEST TRANSACTION
control field 20250903143635.0
082 ## - DEWEY DECIMAL CLASSIFICATION NUMBER
Classification number 583.380 4133 KLU
100 ## - MAIN ENTRY--PERSONAL NAME
Personal name Kluge, Manfred
100 ## - MAIN ENTRY--PERSONAL NAME
Personal name Ting, Irwin .P
245 ## - TITLE STATEMENT
Title Crassulacean Acid Metabolism: Analysis of an Ecological Adaptation.
260 ## - PUBLICATION, DISTRIBUTION, ETC. (IMPRINT)
Place of publication, distribution, etc. Berlin, Springer - verlag
Date of publication, distribution, etc. 1978
260 ## - PUBLICATION, DISTRIBUTION, ETC. (IMPRINT)
Date of publication, distribution, etc. 1978
300 ## - PHYSICAL DESCRIPTION
Extent 209
650 ## - SUBJECT ADDED ENTRY--TOPICAL TERM
Topical term or geographic name as entry element Acid Metabolism/Ecologocal Adaptation/
942 ## - ADDED ENTRY ELEMENTS (KOHA)
Koha item type Books (General)
Holdings
Withdrawn status Lost status Damaged status Not for loan Collection code Home library Current library Shelving location Date acquired Cost, normal purchase price Total Checkouts Full call number Barcode Date last seen Price effective from Koha item type
        Reference Book College of Agriculture, Vellayani College of Agriculture, Vellayani Reference 02/05/2014 74.00   583.380 4133 KLU KAU_COAV-18377 02/05/2014 02/05/2014 Reference Book
Kerala Agricultural University Central Library
Thrissur-(Dt.), Kerala Pin:- 680656, India
Ph : (+91)(487) 2372219
E-mail: librarian@kau.in
Website: http://library.kau.in/